| 000 | 00515nam a22001937a 4500 | ||
|---|---|---|---|
| 005 | 20260529151636.0 | ||
| 010 | _aENG-148679 | ||
| 020 |
_a9789349042391 _c350.00 |
||
| 035 | _aEN-132211 | ||
| 037 | _bDBAD | ||
| 082 |
_aS _21 |
||
| 100 |
_aNikolai Gogol _989237 |
||
| 245 |
_aDead Souls/ _cNikolai Gogol |
||
| 250 | _a1 | ||
| 260 |
_aChandigarh _bThe Browser _c2026 |
||
| 270 |
_bChandigarh _aSCO 14-15, Sector 8-C _e160009 _mservice@thebrowser.org |
||
| 300 |
_a340p. _c20cm(pb) |
||
| 942 |
_2ddc _cEN _hS _mGOG |
||
| 999 |
_c216406 _d216406 |
||